000 00742nam a2200229Ii 4500
003 JO-AjNU
008 230605s9999||||xx |||||||||||||| ||und||
017 _a2005/8/1811
020 _a9957-455-29-X
040 _aJO-AjNU
_bara
_erda
_cJO-AjNU
041 _aara
050 1 4 _aDS36.8.T37 2007
100 3 _aالطرزي، نصري خضر,
_eauthor
_97690
245 0 0 _aفي سبيل النهضة: تطور لدور الفرد والمشروع والادارة
250 _aط1
264 3 1 _aعمان: دار ورد للنشر والتوزيع، 2007
300 _a197ص
336 _atext
_btxt
_2rdacontent
337 _aunmediated
_bn
_2rdamedia
338 _avolume
_bnc
_2rdacarrier
650 4 _aالثقافة العربية
_97691
999 _aA408
_c3976
_d3976